Ley del Sistema Nacional de Archivos N 7202 y su reglamento (Registro nro. 1353)

Detalles MARC
000 -Cabecera
Campo de control de longitud fija 00636aam a2200241 4500
005 - Fecha y hora de la última transacción
Campo de control 20251003173642.0
008 - Elementos de longitud fija--Información general
Campo de control de longitud fija 150615b2001 xxu||||| |||| 00| 0 spa d
041 ## - Idioma
Código de idioma Español
082 ## - Clasificación Decimal Dewey
Número de clasificación 351.714.6 C8374L
100 ## - Entrada principal--Autor personal
Nombre personal Costa Rica. Leyes, decretos, etc.
245 ## - Título propiamente dicho
Título Ley del Sistema Nacional de Archivos N 7202 y su reglamento
250 ## - Edición
Mención de edición 3 edición
260 ## - Pie de imprenta
Lugar de publicación, distribución, etc. Costa Rica
260 ## - Pie de imprenta
Nombre del editor, distribuidor, etc. Costa Rica
260 ## - Pie de imprenta
Fecha de publicación, distribución, etc. 2003
300 ## - Descripción física
Extensión 80 páginas
490 ## - Serie
Título de la Serie Secretariado Ejecutivo
650 ## - Materia general
Temática (materia general) COSTA RICA
650 ## - Materia general
Temática (materia general) ARCHIVO
650 ## - Materia general
Temática (materia general) LEY 7202
650 ## - Materia general
Temática (materia general) LEY DEL SISTEMA NACIONAL DE ARCHIVOS
942 ## - Punto de acceso adicional KOHA
Tipo de ítem KOHA Libro
Fuente del sistema de clasificación o colocación Dewey Decimal Classification
Existencias
Signatura completa Código de barras Programa Académico Tipo de ítem
351.714.6 C8374L 379 Secretariado Ejecutivo Libro
351.714.6 C8374L 380 Secretariado Ejecutivo Libro
351.714.6 C8374L 10862 Secretariado Ejecutivo Libro
351.714.6 C8374L 10885 Secretariado Ejecutivo Libro
351.714.6 C8374L 10861 Secretariado Ejecutivo Libro
351.714.6 C8374L 10856 Secretariado Ejecutivo Libro
351.714.6 C8374L 10863 Secretariado Ejecutivo Libro
351.714.6 C8374L 10854 Secretariado Ejecutivo Libro
351.714.6 C8374L 10860 Secretariado Ejecutivo Libro
351.714.6 C8374L 10850 Secretariado Ejecutivo Libro
351.714.6 C8374L 10851 Secretariado Ejecutivo Libro
351.714.6 C8374L 10855 Secretariado Ejecutivo Libro
351.714.6 C8374L 10849 Secretariado Ejecutivo Libro
351.714.6 C8374L 10859 Secretariado Ejecutivo Libro
351.714.6 C8374L 10857 Secretariado Ejecutivo Libro
351.714.6 C8374L 10858 Secretariado Ejecutivo Libro
351.714.6 C8374L 10848 Secretariado Ejecutivo Libro
351.714.6 C8374L 10883 Secretariado Ejecutivo Libro
351.714.6 C8374L 10852 Secretariado Ejecutivo Libro
351.714.6 C8374L 11089 Secretariado Ejecutivo Libro
351.714.6 C8374L 10877 Secretariado Ejecutivo Libro
351.714.6 C8374L 10878 Secretariado Ejecutivo Libro
351.714.6 C8374L 11000 Secretariado Ejecutivo Libro
351.714.6 C8374L 10879 Secretariado Ejecutivo Libro
351.714.6 C8374L 10891 Secretariado Ejecutivo Libro